Noms des habitants des communes de Martinique - Statistiques

Statistiques générales
  • Ce quiz a été pris 46 fois
  • Le résultat moyen est 13 sur 34
Statistiques - réponses
Hint Réponse % Correct
Le Lamentin Lamentinois
74%
Fort-de-France Foyalais
71%
Le Marin Marinois
71%
Le Vauclin Vauclinois
61%
Ducos Ducossais
58%
Le Robert Robertins
55%
Gros-Morne Gros-Mornais
52%
Schœlcher Schœlcherois
52%
Le François Franciscains
48%
Le Lorrain Lorrinois
48%
Le Diamant Diamantinois
45%
Sainte-Luce Lucéens
42%
Saint-Pierre Pierrotains (Pierrotins)
42%
Basse-Pointe Pointois
42%
Saint-Joseph Joséphins
39%
Rivière-Pilote Pilotins
39%
Saint-Esprit Spiritains
39%
L'Ajoupa-Bouillon Bouillonais
35%
Le Carbet Carbétiens
35%
Rivière-Salée Saléens
35%
Sainte-Marie Samaritains
35%
Le Marigot Marigotains
32%
Le Prêcheur Préchotins
32%
Le Morne-Rouge Rubimornais / Péléens
32%
La Trinité Trinitéens
32%
Les Trois-Îlets Iléens
26%
Grand'Rivière Riverains
26%
Sainte-Anne Saintannais
26%
Les Anses-d'Arlet Arlésiens
23%
Le Morne-Vert Verdimornais / Morniverdais
23%
Bellefontaine Bellifontains
19%
Fonds-Saint-Denis Denisiens
19%
Case-Pilote Pilotins du nord / Case-Pilotins
19%
Macouba Macoubétins
16%
Aucun quiz correspondant
Distribution des résultats
% des personnes avec chaque résultat
Percentile par nombre de réponses
Votre historique - résultats
Vous n’avez pas pris ce quiz